000 00463cam a22001934a 4500
005 20250826125622.0
008 250528s ||||||||||||||||||||||||d
035 _a19543
020 _a138528721
040 _aGR-AtMCL
_bgre
_dGR-AtMCL
_eAACR2
245 1 _aSTRUCTURED COMPUTER ORGANIZATION
250 _a3
260 _bPrentice Hall,
_c1990
300 _a587
700 1 _aTanenbaum, Andrew S.
_9838
942 _cBK
999 _c4799
_d4799